| 000 | 00718nam a2200205Ia 4500 | ||
|---|---|---|---|
| 003 | GCL | ||
| 008 | 140319s9999 xx 000 0 ara d | ||
| 020 | _a9675001977 | ||
| 040 |
_aGCL / _cGCL |
||
| 082 | 0 | 4 |
_a811.09 _bع م |
| 100 | 1 | _aعبدالوهاب البياتى | |
| 245 | 1 | 0 |
_aالمختار من شعر عبدالوهاب البياتى / _cعبدالوهاب البياتى |
| 260 |
_aالقاهرة : _bالهيئة المصرية العامة للكتاب ، _c2000 |
||
| 300 |
_a166 ص ؛ _c19 سم |
||
| 490 |
_aمكتبة الاسرة _v0 |
||
| 650 | 0 | 4 | _aالشعر العربى |
| 650 | 0 | 4 | _aالادب العربى |
| 650 | 0 | 4 | _aالادب العربى - العصر الحديث |
| 942 |
_2ddc _cBK |
||
| 999 |
_c198 _d198 |
||